000 00566nam a2200217Ia 4500
003 OSt
005 20221002050626.0
006 a|||||r|||| 00| 0
007 ta
008 220930b |||||||| |||| 00| 0 eng d
024 _a16812
037 _cReference Collections
040 _aCRL
_cCRL
_beng
041 _2eng
_aeng
082 _az1x, G7(RR)
245 0 _aEnglish poetry from Chaucer to Gray
260 _aNew York
_bP. F. Collier
_c1937
650 _aGENERALIA
942 _hz1x, G7(RR)
_cref
_2CC
999 _c915057
_d915057